| 000 | 00382nam a2200145Ia 4500 | ||
|---|---|---|---|
| 008 | 230312s9999||||xx |||||||||||||| ||und|| | ||
| 082 |
_a005.75 _bBAY-S |
||
| 100 | _aBayross,Ivan | ||
| 245 | 0 | _aSQL,PL/SQL | |
| 260 |
_bBPB Publications _aindia _c1999 |
||
| 300 | _a343 | ||
| 546 | _aEng. | ||
| 650 |
_aComputer _vintroduction to managing data, interactiveSQL,more on SQL |
||
| 942 | _cBK | ||
| 999 |
_c3028 _d3028 |
||